Văn học sử Việt Nam

Tallennettuna:
Bibliografiset tiedot
Päätekijä: Lê Văn Siêu
Aineistotyyppi: Kirja
Kieli:Undetermined
Julkaistu: Hà Nội Văn học 2006
Aiheet:
Tagit: Lisää tagi
Ei tageja, Lisää ensimmäinen tagi!
Thư viện lưu trữ: Trung tâm Học liệu Trường Đại học Cần Thơ
LEADER 00547nam a2200205Ia 4500
001 CTU_106844
008 210402s9999 xx 000 0 und d
020 |c 140000 
082 |a 895.92209 
082 |b S309 
100 |a Lê Văn Siêu 
245 0 |a Văn học sử Việt Nam 
245 0 |c Lê Văn Siêu 
260 |a Hà Nội 
260 |b Văn học 
260 |c 2006 
650 |a vietnamese literature 
650 |x history and criticism 
904 |i Năm 
980 |a Trung tâm Học liệu Trường Đại học Cần Thơ